000
00329nam a2200121Ia 4500
008
190722s9999 xx 000 0 und d
020
_a
978-1-4711-5728-8
100
_a
Stephen R.Convey
245
0
_a
Primary Greatness, The 7habits of Highly Effective People
260
_a
India
_b
CBS Company
_c
2015
300
_a
200
942
_c
BK
999
_c
825
_d
825